|
|
|
|
| LEADER |
00000nam0a2200000 4500 |
| 001 |
362523 |
| 005 |
20231102011511.0 |
| 035 |
|
|
|a (RuTPU)RU\TPU\retro\19869
|
| 090 |
|
|
|a 362523
|
| 100 |
|
|
|a 20210728d1980 km y0rusy50 ca
|
| 101 |
0 |
|
|a rus
|
| 102 |
|
|
|a AM
|
| 105 |
|
|
|a a z 001zy
|
| 200 |
1 |
|
|a Подземная электроразведка на рудных месторождениях Армении
|f С. В. Бадалян, Г. О. Газарян, В. Б. Гамоян
|g Академия наук Армянской ССР, Институт геофизики и инженерной сейсмологии
|
| 210 |
|
|
|a Ереван
|c Изд-во АН Армянской ССР
|d 1980
|
| 215 |
|
|
|a 223 с.
|c ил.
|
| 320 |
|
|
|a Библиогр.: с. 214-221
|
| 606 |
1 |
|
|a Рудные месторождения
|x Поиски и разведка
|x Электроразведка
|2 stltpush
|3 (RuTPU)RU\TPU\subj\25966
|9 49997
|
| 610 |
1 |
|
|a подземная электроразведка
|
| 610 |
1 |
|
|a естественное электрическое поле
|
| 610 |
1 |
|
|a структура
|
| 610 |
1 |
|
|a поляризация
|
| 610 |
1 |
|
|a вызванные потенциалы
|
| 610 |
1 |
|
|a блуждающие токи
|
| 610 |
1 |
|
|a методы
|
| 610 |
1 |
|
|a применение
|
| 610 |
1 |
|
|a примеры
|
| 675 |
|
|
|a 553.3/.4:550.83
|v 4
|
| 700 |
|
1 |
|a Бадалян
|b С. В.
|g Степан Вардкесович
|
| 701 |
|
1 |
|a Газарян
|b Г. О.
|g Георгий Оганесович
|
| 701 |
|
1 |
|a Гамоян
|b В. Б.
|g Вагаршак Багдасарович
|
| 712 |
0 |
2 |
|a Академия наук Армянской ССР
|b Институт геофизики и инженерной сейсмологии
|2 stltpush
|3 (RuTPU)RU\TPU\col\14583
|9 25965
|
| 801 |
|
1 |
|a RU
|b 63413507
|c 20210728
|
| 942 |
|
|
|c BK
|